Do not say we have nothing / (Record no. 5335)
[ view plain ]
| 000 -LEADER | |
|---|---|
| fixed length control field | 01139cam a2200205 4500 |
| 001 - CONTROL NUMBER | |
| control field | 6325 |
| 020 ## - INTERNATIONAL STANDARD BOOK NUMBER | |
| International Standard Book Number | 9781783782666 |
| 100 1# - MAIN ENTRY--PERSONAL NAME | |
| Personal name | Thien, Madeleine, |
| Dates associated with a name | 1974. |
| Relator term | |
| 245 10 - TITLE STATEMENT | |
| Title | Do not say we have nothing / |
| Statement of responsibility, etc. | Madeleine Thien |
| 264 #1 - PRODUCTION, PUBLICATION, DISTRIBUTION, MANUFACTURE, AND COPYRIGHT NOTICE | |
| Place of production, publication, distribution, manufacture | London : |
| Name of producer, publisher, distributor, manufacturer | Granta, |
| Date of production, publication, distribution, manufacture, or copyright notice | 2016 |
| 300 ## - PHYSICAL DESCRIPTION | |
| Extent | 473 pages ; |
| Dimensions | 22 cm |
| 336 ## - CONTENT TYPE | |
| Content type term | text |
| Content type code | txt |
| Source | rdacontent |
| 337 ## - MEDIA TYPE | |
| Media type term | unmediated |
| Media type code | n |
| Source | rdamedia |
| 338 ## - CARRIER TYPE | |
| Carrier type term | volume |
| Carrier type code | nc |
| Source | rdacarrier |
| 520 ## - SUMMARY, ETC. | |
| Summary, etc. | In Canada in 1991, ten year old Marie and her mother invite a guest into their home. She is Ai-Ming, a young woman from China who has fled following the aftermath of the Tiananmen Square incident. As her relationship with Marie deepens she tells the story of her family in revolutionary China. This is an epic novel about the far- reaching effects of China's revolutionary history, told through the stories of two interlinked musical families, from the 1940s to the present day |
| 650 #0 - SUBJECT ADDED ENTRY--TOPICAL TERM | |
| Topical term or geographic name entry element | Families |
| Geographic subdivision | China |
| Form subdivision | Fiction |
| Topical term or geographic name entry element | Intergenerational relations |
| Form subdivision | Fiction |
| 651 ## - SUBJECT ADDED ENTRY--GEOGRAPHIC NAME | |
| Geographic name | China -- History -- Tiananmen Square Incident, 1989 -- Fiction. |
| Form subdivision | |
| General subdivision | |
| Chronological subdivision | |
| Geographic subdivision | |
| Source of heading or term | |
| Geographic name | China |
| General subdivision | Social life and customs |
| Form subdivision | Fiction |
| Withdrawn status | Lost status | Source of classification or shelving scheme | Damaged status | Not for loan | Collection code | Home library | Current library | Shelving location | Date acquired | Serial Enumeration / chronology | Inventory number | Total Checkouts | Total Renewals | Full call number | Barcode | Date last seen | Date last checked out | Price effective from | Koha item type |
|---|---|---|---|---|---|---|---|---|---|---|---|---|---|---|---|---|---|---|---|
| Dewey Decimal Classification | Fiction | RTC Library | RTC Library | Fiction | 27/11/2018 | 10027 | 11 | 7 | FIC 813.54 THI | 30010149 | 17/06/2024 | 31/05/2024 | 27/11/2018 | Fiction |